|
|
|
|
| LEADER |
01707nam a2200445 i 4500 |
| 001 |
nkc20162794154 |
| 003 |
CZ PrNK |
| 005 |
20160623094520.0 |
| 007 |
ta |
| 008 |
160425s2016 xr e 001 0 cze |
| 015 |
|
|
|a cnb002794154
|
| 020 |
|
|
|a 978-80-906439-0-1
|q (Barbora Machková ;
|q brožováno)
|
| 035 |
|
|
|a (OCoLC)953516076
|
| 040 |
|
|
|a BOA001
|b cze
|e rda
|
| 041 |
1 |
|
|a cze
|h rus
|
| 072 |
|
7 |
|a 329
|x Politické strany a hnutí
|2 Konspekt
|9 15
|
| 080 |
|
|
|a 329.281/.285
|2 MRF
|
| 080 |
|
|
|a (048.8)
|2 MRF
|
| 100 |
1 |
|
|a Dam‘je, Vadim Valer‘jevič,
|d 1959-
|7 jo2015853299
|4 aut
|
| 240 |
1 |
0 |
|a Istorija anarcho-sindikalizma.
|l Česky
|
| 245 |
1 |
0 |
|a Dějiny anarchosyndikalismu /
|c Vadim Damier ; z ruského originálu ... Istorija anarcho-sindikalizma ... přeložila Dagmar Magincová
|
| 264 |
|
1 |
|a V Praze ;
|a a ve Dvoře Králové :
|b Nakladatelství AF,
|c 2016
|
| 300 |
|
|
|a 244 stran ;
|c 19 cm
|
| 336 |
|
|
|a text
|b txt
|2 rdacontent
|
| 337 |
|
|
|a bez média
|b n
|2 rdamedia
|
| 338 |
|
|
|a svazek
|b nc
|2 rdacarrier
|
| 500 |
|
|
|a "Vydalo Nakladatelství Anarchistické federace a Barbora Machková"--Tiráž
|
| 504 |
|
|
|a Obsahuje bibliografické odkazy a rejstřík
|
| 650 |
0 |
7 |
|a anarchosyndikalismus
|7 ph590969
|x dějiny
|2 czenas
|
| 650 |
0 |
9 |
|a anarcho-syndicalism
|x history
|2 eczenas
|
| 655 |
|
7 |
|a studie
|7 fd133597
|2 czenas
|
| 655 |
|
9 |
|a studies
|2 eczenas
|
| 700 |
1 |
|
|a Magincová, Dagmar,
|d 1966-
|7 xx0093187
|4 trl
|
| 910 |
2 |
|
|a BOA001
|b 1-1369.113
|
| 928 |
9 |
|
|a Barbora Machková
|
| 928 |
9 |
|
|a Nakladatelství Anarchistické federace
|
| 990 |
|
|
|a BK
|
| 995 |
|
|
|a 01
|
| 991 |
|
|
|b 201606
|c NOV
|
| 996 |
6 |
|
|b 2610673003
|c 1-1369.113
|l MZK
|r Sklad / do 1 hodiny
|n 3
|p p.v.
|w 001564688
|u 000010
|a 1
|e BOA001
|j MZK50
|s P
|